Defensa de la tierra

Kaydedildi:
Detaylı Bibliyografya
Yazar: Oyarzún Peña, Luis (autor)
Materyal Türü: Kitap
Dil:İspanyolca
Baskı/Yayın Bilgisi: Santiago Universitaria 1973
Seri Bilgileri:Cormorán. Colección: Imagen de Chile
Konular:
Etiketler: Etiketle
Etiket eklenmemiş, İlk siz ekleyin!

MARC

LEADER 00000cam a2200000 a 4500
001 UCQ6614
003 CL-VaPUC
008 981016e19730000CL |||||||||||||||||spa|d
082 0 4 |a Ch864  |b OYA  |2 21 
100 |a Oyarzún Peña, Luis   |e autor  |9 879637 
245 1 0 |a Defensa de la tierra 
300 |a 95 p 
942 |c BK 
945 |d 19981016 00:00:00  |a lriquelm 
260 |a Santiago  |b Universitaria  |c 1973 
650 0 |a Literatura chilena   |9 308278 
650 0 |a Ensayos chilenos   |9 269132 
583 |a last modification  |c 20150408 05:10:18  |k Rodrigo Vera 
490 0 |a Cormorán. Colección: Imagen de Chile 
999 |c 276561  |d 276559 
952 |0 0  |1 0  |4 0  |6 CH_864_000000000000000_OYA_1973  |7 0  |8 A  |9 313853  |a BIBEDU  |b BIBEDU  |d 2019-11-20  |i 1483722  |l 1  |o Ch864 OYA 1973  |p 1483722  |r 2024-05-24  |s 2024-05-22  |w 2019-11-20  |y BK  |k LIT 
952 |0 0  |1 0  |4 0  |6 CH_864_000000000000000_OYA_1973  |7 0  |8 P  |9 313854  |a BIBDER  |b BIBDER  |d 2019-11-20  |i 4130340  |o Ch864 OYA 1973  |p 4130340  |r 2023-01-25  |w 2019-11-20  |y BK  |k DER 
952 |0 0  |1 0  |3 erb  |4 0  |6 CH_864_000000000000000_OYA_1973  |7 0  |8 X  |9 313855  |a FDOBUD  |b FDOBUD  |e Villagrán Garnham, Jorge  |i 5159504  |o Ch864 OYA 1973  |p 5159504  |r 2019-11-20  |w 2019-11-20  |y BK_X  |z Catalogado en:20150416  |k BUD